History Quiz

Random History or Clickable Quiz

Pick Your Battles (USA) Quiz Stats

 Plays Quiz Updated Jan 26, 2015

Also try: Civil War Battles
Challenge
Share
Tweet
Embed
Score 0/20 Timer 04:00
4 Plays Today
% Correct
Battle of Concord
84.4%
Battle of Bunker (Breed's) Hill
84.1%
Battle of Trenton
83.8%
Battle of Ticonderoga
79.9%
Battle of Princeton
79.5%
Battle of Long Island
79.2%
Battle of Camden
71.4%
Battle of Germantown
68.6%
Battle of Brandywine
68.4%
Battle of Monmouth
68.2%
% Correct
Battle of White Plains
65%
Battle of Fort Washington
61.9%
Battle of Cowpens
58.4%
Battle of King's Mountain
51.9%
Battle of Guilford Court House
49.2%
Battle of Freeman's Farm
46.6%
Battle of Sullivan's Island
43.7%
Battle of Moore's Creek Bridge
40.3%
Battle of Kemp's Landing
39.5%
Battle of Thomas Creek
38.4%

You're not logged in!

Compare scores with friends on all Sporcle quizzes.
OR
Log In

You Might Also Like...

Show Comments

Extras

Top Quizzes Today


Score Distribution

Your Account Isn't Verified!

In order to create a playlist on Sporcle, you need to verify the email address you used during registration. Go to your Sporcle Settings to finish the process.

Report this User

Report this user for behavior that violates our Community Guidelines.

Details: